| 000 | 00741cam a2200265 4500 | ||
|---|---|---|---|
| 008 | 090401t1996 xxu||||| |||| 00| 0 eng d | ||
| 020 | _a1860810802 | ||
| 035 | _a(Sirsi) u60979 | ||
| 041 | _aeng | ||
| 050 | _a694 | ||
| 100 | _aMaun, K.W. | ||
| 245 | 3 | _aAn assessment of exterior medium density fibreboard (MDF). | |
| 260 |
_aGarston, Watford _bBuilding Research Establishment _c1996 |
||
| 300 | _a(4)p. : ill. ; 30cm. | ||
| 350 | _a0 | ||
| 490 |
_aBRE Information Paper _v2/96 |
||
| 650 | _aFIBREBOARD | ||
| 650 | _aMDF | ||
| 650 | _aMEDIUM DENSITY FIBREBOARD | ||
| 650 | _aWEATHERING | ||
| 690 | _aBUILT ENVIRONMENT-BUILDING MATERIALS | ||
| 710 | _aBuilding Research Establishment | ||
| 942 | _n0 | ||
| 948 | _c04/03/1997 | ||
| 999 |
_c94274 _d94274 |
||